Normal view
MARC view
- Walliman, Nicholas.
Entry Personal Name
001 - CONTROL NUMBER
- control field: 13155
003 - CONTROL NUMBER IDENTIFIER
- control field: NUST
005 - DATE AND TIME OF LATEST TRANSACTION
- control field: 20190124110006.0
008 - FIXED-LENGTH DATA ELEMENTS
- fixed length control field: 190124|| aca||aabn | a|a d
040 ## - CATALOGING SOURCE
- Original cataloging agency: NUST
- Transcribing agency: NUST
100 ## - HEADING--PERSONAL NAME
- Personal name: Walliman, Nicholas.
670 ## - SOURCE DATA FOUND
- Source citation: Work cat.: (NUST)0: Walliman, Nicholas., Research Methods :, 2011.
